000 01684cam a22004337i 4500
001 21814460
003 LIBRIS
005 20231018091229.0
008 171030s2017 xxk|||||||||||000 0|eng|c
020 _a9780500293454
_qpocket
035 _a(BOKR)9780500293454
040 _aBOKR
_dBthg
_ei
_cn
041 _aeng
082 0 4 _a720.284 Z51 2017
_223/swe
084 _aIc
_2kssb/8 (machine generated)
100 1 _aZell, Mo
_4aut
245 1 0 _aThe architectural drawing course :
_bthe hand drawing techniques every architect should know /
_cMo Zell.
264 1 _aLondon :
_bThames & Hudson,
_c2017
300 _a160 sidor
_bill.
_c22 cm.
336 _atext
_btxt
_2rdacontent
337 _aunmediated
_bn
_2rdamedia
338 _avolume
_bnc
_2rdacarrier
650 7 _aArkitekturritningar
_0https://id.kb.se/term/sao/Arkitekturritningar
_2sao
650 0 _aArchitectural drawing
887 _a{"@id":"bvn37lxn43bm33q","modified":"2022-01-14T12:48:12.982+01:00"}
_2librisxl
887 _a{"@id":"mr0cprqs4br0lsq","modified":"2018-01-02T14:16:29+01:00"}
_2librisxl
887 _a{"@id":"xcxbq2qxv3nl7j59","modified":"2022-01-13T11:24:05.497+01:00"}
_2librisxl
942 _2ddc
_cBK-EN
_n0
999 _c6197
_d6197